Ecology and Sustainable Development : Working with Knowledge Systems /

Kaydedildi:
Detaylı Bibliyografya
Yazar: Ramakrishnan, P.S (autor)
Materyal Türü: Kitap
Dil:İngilizce
Baskı/Yayın Bilgisi: Nueva Delhi, India : National Book Trust, 2009, c2008
Edisyon:2a edición
Seri Bilgileri:(Popular Science)
Konular:
Etiketler: Etiketle
Etiket eklenmemiş, İlk siz ekleyin!

MARC

LEADER 00000nam^a2200000^a^4500
001 000416046
005 20250521000000.0
009 20260310122314.838
020 |a 978-81-237-5257-0 
037 |a Acervo ITESO - Biblioteca 
041 |a ING 
082 |a 333. 7  |b RAM 
100 |a Ramakrishnan, P.S.  |e (autor) 
245 1 0 |a Ecology and Sustainable Development :  |b Working with Knowledge Systems /  |c P.S. Ramakrishnan. 
250 |a 2a edición  |b revisada 
264 4 |a Nueva Delhi, India :  |b National Book Trust,  |c 2009, c2008 
300 |a XII, 217 p. 
336 |a texto  |b txt  |2 rdacontenido 
337 |a sin mediación  |b n  |2 rdamedio 
338 |a volumen  |b nc  |2 rdasoporte 
440 1 |a (Popular Science) 
521 |a FIL 2019 EEnlace Departamento del Hábitat y Desarrollo Urbano 
649 |a XX 
650 |a Ecosistemas 
650 |a Gestión Ambiental 
650 |a Ecología -  |x Tema Principal 
650 |a Desarrollo Sustentable -  |x Tema Principal 
650 |a Medio Ambiente 
650 |a Ciencias Ambientales 
910 |a Fondo General 
920 |a Impresos - Libros 
930 |a Colección General 
905 |a 101 
901 |a 0500326112  |b IT1  |c ACC  |i C168484  |u 20250521 
902 |a https://opac.biblio.iteso.mx/vufind/Record/000416046